| 000 | 01000nam a2200205 i 4500 | ||
|---|---|---|---|
| 001 | 39068 | ||
| 003 | ES-MaACL | ||
| 005 | 20230906155902.0 | ||
| 007 | t| | ||
| 008 | 030227m19491954sp ||||1| spa d | ||
| 245 | 0 | 0 |
_aCampañas en los Pirineos a finales del siglo XVIII _b: 1793-1795 / _cEstado Mayor Central del Ejército. |
| 260 |
_aMadrid : _bServicio Historico Militar, _c1949-1954. |
||
| 300 |
_a4 v. ; _c28 cm. |
||
| 500 | _aPrecede al tít.: Estado Mayor Central del Ejército. | ||
| 505 | 8 | _aContiene: I. Antecedentes.- 341 pág. + 24 lám. II. Campaña del Rosellón. 862 pág. III. Campaña de Cataluña: Vol. I 1793-95 ; II: 1793-95 9(46:44 ; "1793/95" 355.48(46:44)"1793/95" IV. La guerra en los Pirineos Occidentales y centrales. Síntesis final | |
| 650 | 4 |
_aGuerra de la primera coalición, 1792-1797- _xCampañas- _zEspaña. _9143162 |
|
| 710 | 1 |
_aEspaña. _bServicio Histórico Militar. _93980 |
|
| 852 |
_aES-MaACL _jP-1011 _bR.45948 |
||
| 852 |
_aES-MaACL _jP-764-Bis _z.- (2 v.) |
||
| 999 |
_c39068 _d39068 |
||